Sports Quiz

Random Sports or Football Quiz

Gaelic Football All Stars 1990 - 1999 Quiz Stats

 Plays Quiz not verified by Sporcle

Also try: An Eye In Team
Challenge
Share
Tweet
Embed
Score 0/150 Timer 15:00
0 Plays Today
Year Player % Correct
1994Peter Canavan
90%
1995Peter Canavan
90%
1996Peter Canavan
90%
1991Colm O'Rourke
87%
1998Padraig Joyce
87%
1999Ollie Murphy
85%
1992Vinny Murphy
84.4%
1993John O'Leary
83.6%
1994John O'Leary
83.6%
1995John O'Leary
83.6%
1992Anthony Tohill
83.4%
1993Anthony Tohill
83.4%
1995Anthony Tohill
83.4%
1996Maurice Fitzgerald
83.4%
1997Maurice Fitzgerald
83.4%
1996Trevor Giles
81.4%
1996Joe Brolly
81.4%
1997Trevor Giles
81.4%
1997Joe Brolly
81.4%
1999Trevor Giles
81.4%
1994Graham Geraghty
79.3%
1999Graham Geraghty
79.3%
1990James McCartan
78.3%
1994James McCartan
78.3%
1992Martin McHugh
78.1%
1993Charlie Redmond
77.7%
1994Charlie Redmond
77.7%
1995Charlie Redmond
77.7%
1996Darren Fay
76.8%
1999Darren Fay
76.8%
1992James McHugh
76.4%
1994Greg McCartan
76.4%
1999Kieran McGeeney
76.2%
1992Gary Walsh
75.9%
1998Kevin Walsh
74.6%
1998Michael Donnellan
73%
1994Mickey Linden
72.3%
1998Declan Browne
71.4%
1991Ross Carr
71.2%
1991Bernard Flynn
71.2%
1991Keith Barr
70.4%
1995Keith Barr
70.4%
1998Sean Og de Paor
70.3%
1991Tommy Carr
69.6%
1999Ciaran Whelan
69%
1991Brian Stafford
68.6%
1996John McDermott
67.7%
1998John McDermott
67.7%
1999John McDermott
67.7%
1995Ja Fallon
66.7%
Year Player % Correct
1998Ja Fallon
66.7%
1997Glen Ryan
66.2%
1998Glen Ryan
66.2%
1991Martin Lynch
65.8%
1999Anthony Lynch
65.8%
1997Pat Fallon
65.6%
1991Tommy Dowd
65.3%
1994Tommy Dowd
65.3%
1995Tommy Dowd
65.3%
1996Tommy Dowd
65.3%
1992Tony Boyle
65.1%
1996Liam McHale
64.8%
1990Martin O'Connell
64.6%
1991Martin O'Connell
64.6%
1996Martin O'Connell
64.6%
1997Declan O'Keefe
64.6%
1991Greg Blaney
63.3%
1994Greg Blaney
63.3%
1990Kevin O'Brien
63.2%
1996Finbar McConnell
62.9%
1990Stephen O'Brien
62.5%
1994Stephen O'Brien
62.5%
1995Stephen O'Brien
62.5%
1993Henry Downey
62.4%
1993Colin Corkery
62.2%
1998Dermot Earley
61.9%
1997Seamus Moynihan
60.9%
1990Shea Fahy
60.6%
1996Kenneth Mortimer
59.8%
1997Kenneth Mortimer
59.8%
1992Paul Curran
59.6%
1995Paul Curran
59.6%
1996Paul Curran
59.6%
1998Sean Marty Lockhart
59.3%
1999Diarmuid Marsden
57.6%
1996James Nallen
56.6%
1998Karl O'Dwyer
55.5%
1999Kevin O'Dwyer
55%
1992Tony Scullion
54.5%
1993Tony Scullion
54.5%
1995Tony Scullion
54.5%
1990Mickey Quinn
52.3%
1994Seamus Quinn
52.1%
1996James Horan
52.1%
1999James Horan
52.1%
1992Enda Gormley
51.9%
1993Enda Gormley
51.9%
1997Brendan Reilly
51.3%
1992Anthony Molloy
51.1%
1991Conor Deegan
51%
Year Player % Correct
1995Dessie Farrell
49.8%
1990David Beggy
49.7%
1991Mick Deegan
49.7%
1997Cathal Daly
49.7%
1990Val Daly
49.5%
1999Mark O'Reilly
49.5%
1991Barry Breen
48.1%
1997Dermot McCabe
48.1%
1998Tomas Mannion
46.9%
1997Eamon Breen
46.6%
1995Paul Clarke
46.3%
1994DJ Kane
45.8%
1991Michael McQuillan
45.3%
1990Robbie O'Malley
45%
1999Ciaran O'Sullivan
44.9%
1995Brian Stynes
44.7%
1999Phillip Clifford
44.5%
1993Joe Kavanagh
44.4%
1997Niall Buckley
44.2%
1997Pa Laide
44.2%
1993Johnny McGurk
44.1%
1993Kevin O'Neill
43.9%
1990Conor Counihan
43.7%
1990John Kearns
42.6%
1994Jack Sheedy
42%
1998Martin McNamara
41.2%
1993Brian McGilligan
40.8%
1993Ger Houlihan
40.2%
1991Enon Gavin
39.9%
1992Seamus Clancy
38.9%
1993Gary Coleman
38.7%
1992Matt Gallagher
38.4%
1995Mark O'Connor
37.1%
1995Fay Devlin
37.1%
1990Paul McGrath
35.4%
1998Brian Lacey
34.7%
1990Terry Ferguson
33.6%
1999Paddy Reynolds
33.4%
1996Pat Holmes
32.8%
1998John Finn
31.7%
1993John Joe Doherty
31.4%
1992Eamon Heery
29.9%
1993Dermot Deasy
27.8%
1992Martin Gavigan
27%
1994Paul Higgins
25.7%
1992TJ Kilgallon
25.4%
1990Michael Slocum
25.2%
1997Davy Dalton
24.9%
1990Joyce McMullan
23.6%
1994Micheal Magill
22.8%

You're not logged in!

Compare scores with friends on all Sporcle quizzes.
Join for Free
OR
Log In

You Might Also Like...

Show Comments

Extras

Top Quizzes Today


Score Distribution

Your Account Isn't Verified!

In order to create a playlist on Sporcle, you need to verify the email address you used during registration. Go to your Sporcle Settings to finish the process.

Report this User

Report this user for behavior that violates our Community Guidelines.

Details: